000
00221nam a2200097Ia 4500
008
240331s9999 xx 000 0 und d
082
_b
AGA
100
_a
Agasthiyar, S
245
0
_a
Eri neruppil idai pathai illai
942
_c
L
999
_c
3855
_d
3855